000 00742nam a2200253Ia 4500
003 OSt
005 20221005021920.0
006 a|||||r|||| 00| 0
007 ta
008 221004b |||||||| |||| 00| 0 eng d
020 _a9788184950670 (pbk)
_c195
024 _a100939
037 _b258, 08/03/2010, University Book House
_cTextual
040 _aCRL
_cCRL
_beng
041 _2eng
_aeng
082 _aR941, N2
100 _aKiyosaki Robert T.
_9394834
245 0 _aBe rich & happy
260 _aAhmedabad
_bJaico Publishng House India
_c1992
300 _a269p.
_ccm.
650 _aGENERALIA
942 _hR941, N2
_cTEXL
_2cc
999 _c928359
_d928359